Statystyki dla Niemiec v2

Kliknij tutaj aby rozwiązać quiz!

Ogólne statystyki

  • Ten quiz został rozwiązany 19 razy
  • Średni wynik to 13 z 27

Statystyki odpowiedzi

TłumaczenieOdpowiedź% Poprawnych
Telefon komdas Handy
86%
Prezentdas Geschenk
71%
Szybkoschnell
71%
Wydawaćausgeben
57%
Posiadaćbesitzen
57%
Tanibillig
57%
Młodzieżdie Jugenliche
57%
Rozwiązaniedie Losung
57%
Nastolatkowiedie Teenager
57%
W wiekuim Alter
57%
Możnakann man
57%
Pustyleer
57%
Przez komórkeper Handy
57%
Na miesiąćpro Monat
57%
Drogiteuer
57%
Czynićtun
57%
Wysłaćverschicken
57%
Pokazywaćzeigen
57%
W każdej chwilizu jeder Zeit
57%
Oprócz tegoauberdem
43%
Mimo totroztdem
43%
Umożliwiająerlauben
29%
Kręcićdrehen
14%
Osiągnąć przezerreichen uber
14%
Średnioim Schnitt
14%
W środku miesiącaMitte des Monats
14%
Potrzebny prezentein nutzliches Geschenk
0%

Rozkład punktacji

Percentyl według liczby udzielonych odpowiedzi

Procent ludzi z każdym wynikiem

Twoja historia wyników

Nie rozwiązałeś tego quizu